header

The Beethoven obsession (Record no. 36463)

MARC details
000 -LEADER
fixed length control field 01074nam a2200289Ia 4500
100 1# - MAIN ENTRY--AUTHOR NAME
Personal name Ward, Brendan.
245 14 - TITLE STATEMENT
Title The Beethoven obsession
260 ## - PUBLICATION, DISTRIBUTION, ETC. (IMPRINT)
Place of publication Sydney :
Name of publisher NewSouth,
Year of publication 2013.
300 ## - PHYSICAL DESCRIPTION
Number of Pages 289 p.
650 #0 - SUBJECT ADDED ENTRY--TOPICAL TERM
Topical Term Composers
856 40 - ELECTRONIC LOCATION AND ACCESS
Uniform Resource Identifier http://site.ebrary.com/lib/rucke/Doc?id=10739596

No items available.

© 2026 Rongo University
Contact us: librarian | system librarian | Rongo university